000
00333nam a2200133Ia 4500
008
240624s9999 xx 000 0 und d
041
_a
eng
082
_a
658.87 SES
100
_a
SESHANNA SUDARSHAN
245
_a
RETAIL MANAGEMENT
260
_c
2015
_a
New Delhi
_b
Tata McGraw-Hill
300
_a
515 : p. : cm. ; 24
365
_c
RS
_b
33
999
_c
26234
_d
26234